| 000 | 00625nam a22002057a 4500 | ||
|---|---|---|---|
| 003 | OSt | ||
| 005 | 20151203145646.0 | ||
| 008 | 130320t xxu||||| |||| 00| 0 eng d | ||
| 020 | _a9781906345303 | ||
| 050 |
_aQC 32 _b.H766 2011 |
||
| 082 |
_aIB 530.076 _bH766 2011 |
||
| 100 | _aHomer, David | ||
| 110 | _aInternational Baccalaureate Organization | ||
| 245 |
_aPhysics SL : _bapproach your exams the ib way _cDavid Homer |
||
| 260 |
_aUnited Kingdom, U.K.: _bInternational Baccalaureate Organization, _cc2011. |
||
| 300 |
_a153p. : _bill. : col. ; _c28 cm. |
||
| 562 | _e1 | ||
| 942 |
_2lcc _cBK |
||
| 999 |
_c2599 _d2599 |
||